Physical principles of chemical engineering /

Bibliographic Details
Main Author: Grassmann, Peter
Format: Book
Language:English
German
Published: Oxford, New York : Pergamon Press, [1971]
Edition:[1st English ed.].
Series:International series of monographs on chemical engineering ; v. 12.
Subjects:

MARC

Tag First Indicator Second Indicator Subfields
LEADER 00000cam a2200000 4500
001 in00000099488
005 20150926125620.0
008 710128s1971 enka b 00100 eng
010 |a  71081317  
020 |a 0080128173 
035 |a (OCoLC)00240189 
035 |9 AAL3909AM 
040 |a DLC  |c DLC  |d TXA  |d UtOrBLW 
041 1 |a eng  |a ger 
049 |a TXAM  |c [1022713] 
050 0 0 |a TP155  |b .G6213 1971 
082 0 |a 660/.2/0153 
100 1 |a Grassmann, Peter. 
240 1 0 |a Physikalische Grundlagen der Verfahrenstechnik. English 
245 1 0 |a Physical principles of chemical engineering /  |c Edited by H. Sawistowski. Translated by R. Hardbottle. 
250 |a [1st English ed.]. 
264 1 |a Oxford,  |a New York :  |b Pergamon Press,  |c [1971] 
300 |a xxx, 896 pages :  |b illustrations ;  |c 25 cm. 
336 |a text  |b txt  |2 rdacontent 
337 |a unmediated  |b n  |2 rdamedia 
338 |a volume  |b nc  |2 rdacarrier 
490 1 |a International series of monographs in chemical engineering, v. 12 
500 |a Translation of Physikalische Grundlagen der Verfahrenstechnik. 
504 |a Bibliography: pages xxiii-xxvi. 
650 0 |a Chemical engineering. 
650 0 |a Chemistry, Physical and theoretical. 
830 0 |a International series of monographs on chemical engineering ;  |v v. 12. 
999 |a MARS 
999 f f |s 2b9b447e-522b-3010-b615-50f70b2e900d  |i 6aff454c-2433-3011-b04b-29a8c1ae1108  |t 0 
952 f f |p normal  |a Texas A&M University  |b College Station  |c Sterling C. Evans Library  |d Evans: Library Stacks  |t 0  |e TP155 .G6213 1971  |h Library of Congress classification  |i unmediated -- volume  |m A14805596524 
998 f f |a TP155 .G6213 1971  |t 0  |l Evans: Library Stacks